000 00227nam a2200097Ia 4500
008 170619s9999 xx 000 0 und d
100 _aMohan- Manendra
245 0 _aAdvertising management
260 _bNew Delhi T M H
260 _c2001
546 _aENGLISH
999 _c21992
_d21992